Criteria Cities (UK) Quiz Stats

 Plays Quiz Updated Aug 26, 2015

Challenge
Share
Tweet
Embed
Score 0/10 Timer 05:00
136 Plays Today
% Correct
???
100%
???
69.2%
???
47.6%
???
36.6%
???
22%
???
15.3%
???
9.3%
???
7.9%
???
7.5%
???
7.5%

You're not logged in!

Compare scores with friends on all Sporcle quizzes.
OR
Log In

You Might Also Like...

Show Comments

Extras

Top Quizzes Today


Score Distribution

Your Account Isn't Verified!

In order to create a playlist on Sporcle, you need to verify the email address you used during registration. Go to your Sporcle Settings to finish the process.

Report this User

Report this user for behavior that violates our Community Guidelines.

Details: